Ricostruisci la Carriera del Calciatore - Andrej Kramarić - Statistics

Statistiche generali
  • Questo quiz è stato fatto 4 volte
  • Il punteggio medio è 3 su 5
Statistiche sulle risposte
Hint Risposta % Corretto
2013-2015 Rijeka
100%
2015-2016 Leicester City
67%
2012-2013 Lokomotiva Zagabria
67%
2008-2012 Dinamo Zagabria
33%
2016- Hoffenheim
33%
Nessun quiz corrispondente trovato
Distribuzione punteggi
Percentuale di utenti per punteggio
Percentile per numero di risposta
I tuoi punteggi nel tempo
Non hai fatto questo quiz